Tipos de Pokémon con emojis - Estadísticas

Estadísticas generales
  • Esta prueba ha sido intentada 17 veces
  • La puntuación promedio es 16 de 18
Estadísticas de respuestas
Imagen Respuesta % Correcto
Agua
100%
Eléctrico
100%
Fuego
100%
Bicho / Insecto
94%
Dragón
94%
Fantasma
94%
Hada
94%
Hielo
94%
Lucha / Pelea
94%
Planta
94%
Roca
94%
Volador
88%
Psíquico
81%
Tierra
81%
Normal
75%
Siniestro
75%
Acero
69%
Veneno
69%
No se encontraron pruebas coincidentes
Distribución de puntuación
Porcentaje de gente con cada puntuación
Porcentaje por número respondido
Historial de tus puntuaciones
No has intentado esta prueba.